000 00635nam a2200229Ia 4500
003 OSt
005 20221006164909.0
006 a|||||r|||| 00| 0
007 ta
008 221006b |||||||| |||| 00| 0 eng d
024 _a3,375
037 _cTextual
040 _aFML
_cFML
_beng
041 _2eng
_aeng
082 _aNR44 'J, N8
100 _awade Bonnie C Au.
245 0 _aAn Ethnomusicological Imazing Study of Music, Art and Sound
260 _aLondon
_bThe University of Chicago Press
_c1998
300 _a276
_ccm.
942 _hNR44 'J, N8
_cTEXL
_2CC
999 _c1118868
_d1118868